000 01487nam a2200265Ia 4500
008 130821s1805 sp gr spa
040 _aCo-BoUCM
_bspa
041 0 _aspa
_alat
092 _aE14N019
110 2 _aIglesia Católica
245 1 0 _aRitual que para mayor comodidad de los señores párrocos comprehende solo el órden de administrar á los enfermos el Sagrado Viático y Santa unción, á que se añade el órden de encomendar el alma sacado fielmente del romano (...).
260 _aMadrid (España)
_bEn la imprenta de la Real Compañía
_c1805
300 _a[4], 94 páginas
500 _aDetalles físicos: Encuadernación rígida, cartón forrado en papel texturizado, lomo y portada decorada en dorado. Guardas en papel de agua. Portada impresa a una sola tinta. Texto en una columna, con tipos grandes. Anotaciones al inicio y al fina
504 _aIncluye índice.
505 0 _aOrden de administrar el sacramento de la sagrada eucaristía en forma de viático, á los enfermos. ; Orden de administrar el sacramento de la extremaunción. ; Modus a SS. D. N. Benedicto Papa XIV approbatus, pro opportunitate temporis servandus.
506 _aConsulta en sala.
546 _aTexto en español y latín.
650 _aLiturgia
_ySiglo XIX
_918768
650 _aReligión
_923497
650 _aSacramentos (Liturgia)
_xObras anteriores a 1900
710 2 _aImprenta Real
942 _cLIBRO
_a4
_e1
_2DEWEY
_h291.38
999 _c75684
_d75684